000 00987nam a2200277 i 4500
003 EG-GICUC
005 20260128141026.0
008 260127s1947 -cn |||fr |||| 000 0free d
040 _aEG-GiCUC
_bfre
_cEG-GiCUC
_dEG-GiCUC
_eRda
082 0 4 _221
_a341.23
_bCA
092 0 4 _221
099 _aLaw1 11 341.23 CA 1947
245 1 3 _aLe Canada Et Les Nations Unies 1947 :
_bRapport Sur La Deuxième Session De L'assemblée Générale Des Nations Unies Tenue a New-york Du 16 Septembre Au 29 Novembre 1947 /
_n
264 1 _aOttawa :
_bMinistère Des Affaires Extérieures,
_c1947.
300 _a292page :
_billustration ;
_c 24 cm.
336 _2rda contenu
_a texte
337 _2rda medias
_aOrdinateur
338 _2 transporteur rda
_a Ressource en ligne
504 _a
546 _aTexte en français
650 1 4 _aDroit international public
_2
651 1 _2
856 4 0 _uhttps://fll.law.cu.edu.eg/fulltext/bks/B11-05022.pdf
905 _a50
942 _2ddc
_cBK
_e21
_n0
999 _c59885
_d59885